000 00759cam a2200205 4500
001 WB3821-06
008 020612n2002 000 0 eng u
035 _a(Sirsi) u118381
245 _aConsultants' fees in construction
260 _c2002
490 _aBuilding
_v(8237) 08 June 2002 , 16(1)
520 _aConstruction Industry Council (CIC) is launching a new survey to determine the total cost of consultants' services.The research will allow comparisons with the comprehensive 1996 survey. CIC press release http://www.cic.org.uk/about/pss.htm
590 _aWB
650 _aCONSTRUCTION INDUSTRY COUNCIL
650 _aCONSULTANTS FEES
650 _aCONSULTANTS
650 _aCOSTS
690 _aBUILT ENVIRONMENT-BUILDING COSTS
942 _n0
999 _c70462
_d70462